| 000 | 00000nam##2200000za#4500 |
| 001 | 9.566506 |
| 003 | CaOODSP |
| 005 | 20210624180324 |
| 007 | cr ||||||||||| |
| 008 | 150406|1999||||xxc|||||o f|0| 0 eng|d |
| 040 | |aCaOODSP|beng |
| 043 | |an-cn--- |
| 086 | 1 |aTU3-5/99-10E-PDF |
| 110 | 2 |aTransportation Safety Board of Canada. |
| 245 | 10|aLoss of control / spiral - Canadian Flight Academy Ltd. Cessna 152 C-GGGK, Valentia, Ontario, 06 April 1999 |h[electronic resource] |
| 260 | |aGatineau - Quebec : |bTransportation Safety Board of Canada |c[2000]. |
| 300 | |a5p. |
| 490 | 1 |aAviation investigation report |vA99O0079 |
| 590 | |a10-10-Supp|b2010-11-09 |
| 775 | 08|tPerte de maîtrise et piqué en spirale - Canadian Flight Academy Ltd. Cessna 152 C-GGGK, Valentia (Ontario), le 6 avril 1999 |w(CaOODSP)9.597977 |
| 830 | #0|aAviation investigation report ;|vA99O0079|w(CaOODSP)9.504825 |
| 856 | 40|ahttp://publications.gc.ca|qPDF|s33 KB|uhttps://publications.gc.ca/collections/collection_2009/bst-tsb/TU3-5-99-10E.pdf|yA99O0079 |